000 00543nam a2200157 i 4500
001 62341
003 ES-MaACL
005 20230906164641.0
007 t|
008 031120s1959 dr ||||1| spa d
100 1 _aFelino Vicioso Vizón, Angel.
_949165
245 1 0 _aOlimpiada
_b: cantos a los deportes y otras diversiones : in memoriam de mis antecesores de Esta y de Azua, mi suelo natal /
_cAngel Felino Vicioso V.
260 _aCiudad Trujillo :
_bMontalvo,
_c1959.
300 _a110 p. ;
_c24 cm.
852 _aES-MaACL
_jC-25365
_bR.50595
999 _c62341
_d62341